Gaming Quiz

Random Gaming or Board Games Quiz

Video Game or Board Game Quiz Stats

 Plays Quiz Updated Jul 24, 2018

Challenge
Share
Tweet
Embed
Score 0/16 Timer 02:00
1 Play Today
Game Title Video or Board % Correct
⬦⬦⬦⬦⬦⬦⬦
Angry Birds
⬦⬦⬦⬦⬦⬦⬦
???
93.9%
⬦⬦⬦⬦⬦⬦⬦⬦
Donkey Kong
⬦⬦⬦⬦⬦⬦⬦⬦
???
93.9%
⬦⬦⬦⬦⬦⬦⬦⬦⬦⬦⬦
The Legend of Zelda
⬦⬦⬦⬦⬦⬦⬦⬦⬦⬦⬦
???
93.6%
⬦⬦⬦⬦⬦⬦⬦
Tomb Raider
⬦⬦⬦⬦⬦⬦⬦
???
92.9%
⬦⬦⬦⬦⬦⬦⬦
Trivial Pursuit
⬦⬦⬦⬦⬦⬦⬦
???
91.9%
⬦⬦⬦⬦⬦⬦⬦⬦⬦⬦⬦⬦
Dungeons & Dragons
⬦⬦⬦⬦⬦⬦⬦⬦⬦⬦⬦⬦
???
89.6%
⬦⬦⬦⬦⬦⬦⬦
Gears of War
⬦⬦⬦⬦⬦⬦⬦
???
88.5%
⬦⬦⬦⬦⬦⬦⬦⬦⬦⬦
World of Warcraft
⬦⬦⬦⬦⬦⬦⬦⬦⬦⬦
???
85.8%
Game Title Video or Board % Correct
⬦⬦⬦⬦⬦⬦⬦⬦⬦⬦⬦⬦
The Settlers of Catan
⬦⬦⬦⬦⬦⬦⬦⬦⬦⬦⬦⬦
???
82.5%
⬦⬦⬦⬦⬦⬦⬦⬦⬦⬦⬦⬦⬦
Magic: The Gathering
⬦⬦⬦⬦⬦⬦⬦⬦⬦⬦⬦⬦⬦
???
81.5%
⬦⬦⬦⬦⬦⬦⬦⬦
Ticket to Ride
⬦⬦⬦⬦⬦⬦⬦⬦
???
81.4%
⬦⬦⬦⬦⬦⬦⬦
Axis & Allies
⬦⬦⬦⬦⬦⬦⬦
???
80.8%
⬦⬦⬦⬦⬦⬦⬦⬦
Carcassonne
⬦⬦⬦⬦⬦⬦⬦⬦
???
76.9%
⬦⬦⬦⬦⬦⬦⬦
Doodle Jump
⬦⬦⬦⬦⬦⬦⬦
???
76.4%
⬦⬦⬦⬦⬦
Qwirkle
⬦⬦⬦⬦⬦
???
67.1%
⬦⬦⬦⬦⬦⬦⬦⬦⬦⬦⬦⬦⬦⬦⬦⬦⬦⬦⬦
Evo: The Last Gasp of Dinosaurs
⬦⬦⬦⬦⬦⬦⬦⬦⬦⬦⬦⬦⬦⬦⬦⬦⬦⬦⬦
???
31.2%

You're not logged in!

Compare scores with friends on all Sporcle quizzes.
OR
Log In

You Might Also Like...

Show Comments

Extras

Top Quizzes Today


Score Distribution

Your Account Isn't Verified!

In order to create a playlist on Sporcle, you need to verify the email address you used during registration. Go to your Sporcle Settings to finish the process.

Report this User

Report this user for behavior that violates our Community Guidelines.

Details: